|
|
|
|
| LEADER |
01750nam a2200421 a 4500 |
| 001 |
EBC1186451 |
| 003 |
MiAaPQ |
| 005 |
20200520144314.0 |
| 006 |
m o d | |
| 007 |
cr cn||||||||| |
| 008 |
130528s2012 nyua sb 001 0 eng d |
| 020 |
|
|
|z 9780415896993
|
| 020 |
|
|
|a 9780203117231 (electronic bk.)
|
| 035 |
|
|
|a (MiAaPQ)EBC1186451
|
| 035 |
|
|
|a (Au-PeEL)EBL1186451
|
| 035 |
|
|
|a (CaPaEBR)ebr10699372
|
| 035 |
|
|
|a (CaONFJC)MIL487135
|
| 035 |
|
|
|a (OCoLC)843642630
|
| 040 |
|
|
|a MiAaPQ
|c MiAaPQ
|d MiAaPQ
|
| 050 |
|
4 |
|a TS177
|b .M36 2012
|
| 082 |
0 |
4 |
|a 658.2
|2 23
|
| 245 |
0 |
0 |
|a Managing organizational ecologies
|h [electronic resource]
|b space, management and organization /
|c edited by Keith Alexander and Ilfryn Price.
|
| 260 |
|
|
|a New York ;
|a Oxfordshire, England :
|b Routledge,
|c c2012.
|
| 300 |
|
|
|a 1 online resource (xviii, 265 p.) :
|b ill.
|
| 490 |
1 |
|
|a Routledge Studies in Innovation, Organization and Technology ;
|v 22
|
| 504 |
|
|
|a Includes bibliographical references and index.
|
| 533 |
|
|
|a Electronic reproduction. Ann Arbor, MI : ProQuest, 2015. Available via World Wide Web. Access may be limited to ProQuest affiliated libraries.
|
| 588 |
|
|
|a Description based on online resource; title from title page (ebrary, viewed May 28, 2013).
|
| 650 |
|
0 |
|a Facility management
|x Environmental aspects.
|
| 650 |
|
0 |
|a Work environment.
|
| 650 |
|
0 |
|a Office layout.
|
| 650 |
|
0 |
|a Building layout.
|
| 655 |
|
4 |
|a Electronic books.
|
| 700 |
1 |
|
|a Alexander, Keith,
|d 1949-
|
| 700 |
1 |
|
|a Price, Ilfryn,
|d 1949-
|
| 710 |
2 |
|
|a ProQuest (Firm)
|
| 830 |
|
0 |
|a Routledge studies in innovation, organization and technology ;
|v 22.
|
| 856 |
4 |
0 |
|u https://ebookcentral.proquest.com/lib/matrademy/detail.action?docID=1186451
|z Click to View
|